00489nam a2200193 a 4500001001300000003000900013005001700022008004100039020001100080082001500091100002100106245002100127260004300148300000900191500003500200505001000235650002900245700002100274nice12345678IN_TiNIC20260116011419.0050524s1962 lona grp 000 0 eng  ac12.600a949.5bBAY aBaynes, Norman H aByzantine Empire aLondonbOxford University Press c1962 a256p aincludes index and biblioraphy2 aIndex aByzantine Empire-History1 aBaynes, Norman H